[Event "RUS-chT2"]
[Site "Sochi"]
[Date "2024.05.03"]
[Round "3.16"]
[White "Rudenko, Dmitry Al"]
[Black "Kazyura, Kirill"]
[Result "1-0"]
[WhiteElo "1841"]
[BlackElo "1910"]
[PlyCount "41"]
[EventDate "2024.05.01"]
[EventType "team-swiss"]
[EventRounds "9"]
[EventCountry "RUS"]
[SourceTitle "CB21_2024"]
[SourceDate "2024.05.22"]
[SourceVersion "1"]
[SourceVersionDate "2024.05.22"]
[SourceQuality "1"]
[WhiteTeam "Moscow Russian ChSchool"]
[BlackTeam "Rostovskaya oblast Gambit"]
[WhiteTeamCountry "RUS"]
[BlackTeamCountry "RUS"]

1. d4 Nf6 2. Bf4 e6 3. Nc3 d5 4. Nb5 Na6 5. e3 c6 6. Nc3 b5 7. Nf3 Bb4 8. Bd3 Qa5 9. 0-0 Bxc3 10. bxc3 Qxc3 11. a4 0-0 12. Bd6 Rd8 13. Be7 Rd7 14. Ra3 Qb2 15. Rb3 Qa2 16. Bxf6 gxf6 17. axb5 cxb5 18. Nh4 Nc7 19. Qh5 Kf8 20. Qxh7 Ba6 21. Ng6+ 1-0